MCR - The Black Parade Songs - Statistics

General Stats
  • This quiz has been taken 149 times
  • The average score is 12 of 17
Answer Stats
Listens Song % Correct
725,413,909 Welcome To The Black Parade
99%
166,304,831 Dead!
95%
194,095,477 Cancer
89%
73,336,475 The End.
88%
869,685,966 Teenagers
85%
171,600,335 Mama
84%
26,915,954 Blood (Hidden Track)
80%
264,867,846 I Don't Love You
79%
300,597,820 Famous Last Words
78%
86,076,288 House Of Wolves
78%
161,472,830 Disenchanted
77%
109,281,412 The Sharpest Lives
76%
48,633,330 Sleep
70%
84,622,115 This Is How I Disappear
70%
23,610,080 Kill All Your Friends
38%
12,542,775 Heaven Help Us
30%
11,139,322 My Way Home Is Through You
28%
No matching quizzes found
Score Distribution
Percent of People with Each Score
Percentile by Number Answered
Your Score History
You have not taken this quiz